Literary criticism : (Record no. 22244)
[ view plain ]
| 000 -LEADER | |
|---|---|
| fixed length control field | 00994nam a2200301 a 4500 |
| 001 - CONTROL NUMBER | |
| control field | 22244 |
| 003 - CONTROL NUMBER IDENTIFIER | |
| rucl marc code | BD-RjUL |
| 005 - DATE AND TIME OF LATEST TRANSACTION | |
| control field | 20211209000802.0 |
| 008 - FIXED-LENGTH DATA ELEMENTS--GENERAL INFORMATION | |
| fixed length control field | 140306r19701957enk b 001 0 eng |
| 020 ## - INTERNATIONAL STANDARD BOOK NUMBER | |
| International Standard Book Number | 0710023146 |
| 035 ## - SYSTEM CONTROL NUMBER | |
| System control number | (BD-RjUL)22309 |
| 040 ## - CATALOGING SOURCE | |
| Original cataloging agency | DLC |
| Transcribing agency | DLC |
| Modifying agency | BD-RjUL |
| Language of cataloging | eng |
| 041 ## - LANGUAGE CODE | |
| Language code of text/sound track or separate title | eng |
| 082 ## - DEWEY DECIMAL CLASSIFICATION NUMBER | |
| Classification number | 801.9 |
| Author mark and year | WIL 1970 |
| 099 #2 - LOCAL FREE-TEXT CALL NUMBER (OCLC) | |
| Bangla Class number | *ML A.8 - 7&XC&C - F7 |
| 100 1# - MAIN ENTRY--PERSONAL NAME | |
| Personal name | Wimsatt, William K. |
| Fuller form of name | (William Kurtz), |
| Dates associated with a name | 1907-1975 |
| 9 (RLIN) | 3208 |
| 245 10 - TITLE STATEMENT | |
| Title | Literary criticism : |
| Remainder of title | a short history / |
| Statement of responsibility, etc. | William K. Wimsatt. |
| 260 ## - PUBLICATION, DISTRIBUTION, ETC. (IMPRINT) | |
| Place of publication, distribution, etc. | London : |
| Name of publisher, distributor, etc. | Routledge & Kegan Paul, |
| Date of publication, distribution, etc. | 1957. [Reprinted 1970] |
| 300 ## - PHYSICAL DESCRIPTION | |
| Pagination | xviii, 755, xxii p. : |
| Size | 24 cm. |
| 500 ## - GENERAL NOTE | |
| General note | Index: p. i-xxii [second sequence]. |
| General note | Publ. simultaneously in U.S.A. by Alfred Knopf. |
| 504 ## - BIBLIOGRAPHY, ETC. NOTE | |
| Bibliography, etc | Includes bibliographies |
| 650 #0 - SUBJECT ADDED ENTRY--TOPICAL TERM | |
| Topical term or geographic name as entry element | Criticism |
| General subdivision | History |
| 9 (RLIN) | 68658 |
| Topical term or geographic name as entry element | Literature |
| General subdivision | History and criticism. |
| 9 (RLIN) | 68659 |
| 700 1# - ADDED ENTRY--PERSONAL NAME | |
| Personal name | Brooks, Cleanth, |
| Dates associated with a name | 1906-1994. |
| 942 ## - ADDED ENTRY ELEMENTS (KOHA) | |
| Source of classification or shelving scheme | Dewey Decimal Classification |
| Koha item type | Books |
| Lost status | Source of classification or shelving scheme | Damaged status | Not for loan | Collection code | Permanent Location | Current Location | Shelving location | Date acquired | Source of acquisition | Cost, normal purchase price | Total Checkouts | Full call number | Date last seen | Copy number | Koha item type |
|---|---|---|---|---|---|---|---|---|---|---|---|---|---|---|---|
| Dewey Decimal Classification | Fiction | Central Library, University of Rajshahi | Central Library, University of Rajshahi | 03/03/1973 | B.H. Black Well Ltd. | 4.50 | 801.9 WIL 1970 | 06/03/2014 | C-3 | Books | |||||
| Dewey Decimal Classification | Not For Loan | Non-fiction | Central Library, University of Rajshahi | Central Library, University of Rajshahi | Reading Room | 25/10/1965 | B. H. Blackwell | 55.00 | 801.9 WIL 1970 | 13/03/2017 | C-1 | Books |